Giáo trình hấp phụ và xúc tác trên bề mặt vật liệu vô cơ mao quản
Sách cung cấp kiến thức về tính chất đặc trưng: cấu trúc, thành phần hóa học, bản chất bề mặt... của vật liệu mao quản - một trong những vật liệu quan trọng trong các ngành công nghiệp như lọc và chế biến dầu khí, công nghệ xử lý nưo...
Na minha lista:
| Autor principal: | |
|---|---|
| Formato: | Livro |
| Idioma: | Undetermined |
| Publicado em: |
Hà Nội
Khoa học và Kỹ thuật
1998
|
| Assuntos: | |
| Tags: |
Adicionar Tag
Sem tags, seja o primeiro a adicionar uma tag!
|
| Thư viện lưu trữ: | Trung tâm Học liệu Trường Đại học Cần Thơ |
|---|
| LEADER | 01070nam a2200193Ia 4500 | ||
|---|---|---|---|
| 001 | CTU_28445 | ||
| 008 | 210402s9999 xx 000 0 und d | ||
| 082 | |a 541.395 | ||
| 082 | |b Ph500 | ||
| 100 | |a Nguyễn, Hữu Phú | ||
| 245 | 0 | |a Giáo trình hấp phụ và xúc tác trên bề mặt vật liệu vô cơ mao quản | |
| 245 | 0 | |c Nguyễn Hữu Phú | |
| 260 | |a Hà Nội | ||
| 260 | |b Khoa học và Kỹ thuật | ||
| 260 | |c 1998 | ||
| 520 | |a Sách cung cấp kiến thức về tính chất đặc trưng: cấu trúc, thành phần hóa học, bản chất bề mặt... của vật liệu mao quản - một trong những vật liệu quan trọng trong các ngành công nghiệp như lọc và chế biến dầu khí, công nghệ xử lý nước, làm sạch nước thải, xử lý khí độc,... | ||
| 650 | |a Catalysis,Chemistry, physical and theoretical | ||
| 904 | |i Qhieu | ||
| 980 | |a Trung tâm Học liệu Trường Đại học Cần Thơ | ||